[Event "AUT-chT 0102"]
[Site "Austria"]
[Date "2002.03.09"]
[Round "10.4"]
[White "Niedermayr, Horst"]
[Black "Neubauer, Martin"]
[Result "1/2-1/2"]
[WhiteElo "2178"]
[BlackElo "2434"]
[PlyCount "102"]
[EventDate "2001.10.31"]
[EventType "team-tourn"]
[EventRounds "11"]
[EventCountry "AUT"]
[SourceTitle "EXT 2002"]
[Source "ChessBase"]
[SourceDate "2001.11.25"]
[SourceVersion "1"]
[SourceVersionDate "2001.11.25"]
[SourceQuality "1"]
[WhiteTeam "Linz SK Voest"]
[BlackTeam "Melk-Wachau SK NOE"]
[WhiteTeamCountry "AUT"]
[BlackTeamCountry "AUT"]

1. e4 g6 2. d4 Bg7 3. Be2 c6 4. h4 d5 5. e5 h5 6. Nh3 Na6 7. Nc3 Nc7 8. Be3 Nh6 9. Qd2 Nf5 10. Ng5 Ne6 11. 0-0-0 Qa5 12. Kb1 b5 13. Bf3 Rb8 14. Ne2 Qxd2 15. Rxd2 Nxe3 16. fxe3 Nxg5 17. hxg5 Bf5 18. Ng3 Bd7 19. e4 e6 20. exd5 exd5 21. Nf1 Be6 22. Ne3 Kd7 23. Rf2 Bf8 24. Bg4 Be7 25. Bh3 Rbf8 26. Rhf1 Rh7 27. Rf6 Bxf6 28. Rxf6 Re8 29. b3 Bxh3 30. gxh3 Re6 31. Rf2 b4 32. Kb2 a5 33. c4 bxc3+ 34. Kxc3 Re8 35. h4 Ke7 36. Rf6 Rc8 37. Ng2 Rhh8 38. Nf4 Rhf8 39. e6 Rc7 40. exf7 Rxf7 41. Nxg6+ Kd8 42. Ne5 Rxf6 43. gxf6 Ke8 44. a3 Rh7 45. b4 a4 46. Nxc6 Kf7 47. b5 Kxf6 48. Kb4 Kf5 49. Kxa4 Kg4 50. Kb4 Kxh4 51. a4 Kg4 1/2-1/2

[Event "EU-chT Seniors 04th"]
[Site "Dresden"]
[Date "2002.02.28"]
[Round "5.3"]
[White "Niedermayr, Horst"]
[Black "Shabanov, Yuri"]
[Result "0-1"]
[WhiteElo "2172"]
[BlackElo "2463"]
[PlyCount "84"]
[EventDate "2002.02.25"]
[EventType "team-swiss"]
[EventRounds "7"]
[EventCountry "GER"]
[SourceTitle "EXT 2005"]
[Source "ChessBase"]
[SourceDate "2004.11.15"]
[SourceVersion "1"]
[SourceVersionDate "2004.11.15"]
[SourceQuality "1"]

1. Nf3 d5 2. b3 Bf5 3. Bb2 e6 4. e3 Nf6 5. Ne5 Nbd7 6. Be2 Nxe5 7. Bxe5 Bd6 8. Bxd6 Qxd6 9. d3 e5 10. Nd2 0-0 11. 0-0 Rfe8 12. Re1 Rad8 13. Nf1 Bc8 14. a4 a5 15. Qd2 b6 16. Rad1 Re7 17. Qc1 h6 18. Ng3 Ree8 19. h3 Qb4 20. Qd2 Qxd2 21. Rxd2 d4 22. Bf3 Kf8 23. exd4 exd4 24. Rde2 Bd7 25. Rxe8+ Rxe8 26. Rxe8+ Kxe8 27. Kf1 Ke7 28. Ke1 Kd6 29. Kd2 Be6 30. Ne4+ Nxe4+ 31. Bxe4 Kc5 32. h4 Bd7 33. g3 Kb4 34. Bd5 f6 35. Bf7 c6 36. Bg6 b5 37. axb5 cxb5 38. Bf7 a4 39. bxa4 bxa4 40. f4 Bc6 41. Be6 a3 42. Ba2 Kc5 0-1

[Event "EU-chT Seniors 04th"]
[Site "Dresden"]
[Date "2002.02.27"]
[Round "3.3"]
[White "Niedermayr, Horst"]
[Black "Golcman, Evgeny"]
[Result "1/2-1/2"]
[WhiteElo "2172"]
[BlackElo "2225"]
[PlyCount "66"]
[EventDate "2002.02.25"]
[EventType "team-swiss"]
[EventRounds "7"]
[EventCountry "GER"]
[SourceTitle "EXT 2005"]
[Source "ChessBase"]
[SourceDate "2004.11.15"]
[SourceVersion "1"]
[SourceVersionDate "2004.11.15"]
[SourceQuality "1"]

1. e4 d6 2. d4 Nf6 3. Nc3 g6 4. Be2 Bg7 5. h4 e5 6. Be3 exd4 7. Qxd4 0-0 8. Qd2 Re8 9. f3 c6 10. 0-0-0 b5 11. Qxd6 Qa5 12. a3 Be6 13. Qb4 Qxb4 14. axb4 Na6 15. Nh3 Nxb4 16. Nf4 Bc8 17. g4 Nd7 18. Bd4 Ne5 19. Kb1 Bb7 20. Be3 a5 21. Na2 Bf8 22. Rd2 Na6 23. g5 a4 24. Bd4 Nc7 25. Bxe5 Rxe5 26. Rd7 Re7 27. Rhd1 Rae8 28. Nc1 Bg7 29. Rxe7 Rxe7 30. Rd8+ Bf8 31. Ncd3 Re8 32. Rd7 Re7 33. Rd8 Re8 1/2-1/2

[Event "EU-chT Seniors 04th"]
[Site "Dresden"]
[Date "2002.02.27"]
[Round "4.3"]
[White "Weise, Wolfgang"]
[Black "Niedermayr, Horst"]
[Result "1/2-1/2"]
[WhiteElo "2198"]
[BlackElo "2172"]
[PlyCount "47"]
[EventDate "2002.02.25"]
[EventType "team-swiss"]
[EventRounds "7"]
[EventCountry "GER"]
[SourceTitle "EXT 2005"]
[Source "ChessBase"]
[SourceDate "2004.11.15"]
[SourceVersion "1"]
[SourceVersionDate "2004.11.15"]
[SourceQuality "1"]

1. d4 c5 2. e3 e6 3. Nf3 Nf6 4. c4 Be7 5. Nc3 0-0 6. Be2 d6 7. 0-0 b6 8. b3 Bb7 9. Bb2 a6 10. Nd2 Qc7 11. Bf3 Nbd7 12. Rc1 Rad8 13. Bxb7 Qxb7 14. Qf3 Qxf3 15. Nxf3 Rfe8 16. Rcd1 Bf8 17. Rd2 Rc8 18. Rfd1 Rc7 19. e4 cxd4 20. Nxd4 Nc5 21. f3 Nb7 22. Kf1 Rec8 23. Na4 Nd7 24. Nc3 1/2-1/2

[Event "EU-chT Seniors 04th"]
[Site "Dresden"]
[Date "2002.02.26"]
[Round "2.3"]
[White "Meier, Wolfgang"]
[Black "Niedermayr, Horst"]
[Result "1-0"]
[WhiteElo "2102"]
[BlackElo "2172"]
[PlyCount "95"]
[EventDate "2002.02.25"]
[EventType "team-swiss"]
[EventRounds "7"]
[EventCountry "GER"]
[SourceTitle "EXT 2005"]
[Source "ChessBase"]
[SourceDate "2004.11.15"]
[SourceVersion "1"]
[SourceVersionDate "2004.11.15"]
[SourceQuality "1"]

1. Nf3 d6 2. d4 f5 3. g3 Nf6 4. Bg2 g6 5. c4 Bg7 6. Nc3 0-0 7. 0-0 Nc6 8. d5 Ne5 9. Nxe5 dxe5 10. Qc2 a6 11. Rd1 h6 12. Rb1 g5 13. b4 Qe8 14. c5 Qh5 15. Rb3 e4 16. f3 exf3 17. exf3 Bd7 18. Re1 Rac8 19. c6 bxc6 20. dxc6 Bxc6 21. Qxf5 Kh8 22. Qd3 Bb7 23. Qe2 e5 24. Be3 Nd5 25. Ne4 Nxe3 26. Rxe3 Bxe4 27. Rxe4 Ra8 28. Qc4 Qf7 29. Rc1 Ra7 30. a3 Qxc4 31. Rexc4 Rf7 32. Rd1 Bf8 33. Rd5 Bd6 34. Kf2 Kg7 35. Ke3 Rf8 36. Bf1 Rb8 37. Rc6 a5 38. Rxa5 Rxa5 39. bxa5 Rb3+ 40. Bd3 Rxa3 41. a6 Ra5 42. Rc2 Kf6 43. Ke4 Ke6 44. Bc4+ Kf6 45. Ra2 Rxa2 46. Bxa2 Bc5 47. Kd5 Bb6 48. g4 1-0

[Event "Seefeld op 12th"]
[Site "Seefeld"]
[Date "2001.09.20"]
[Round "6"]
[White "Svendsen, Thomas"]
[Black "Niedermayr, Horst"]
[Result "1-0"]
[WhiteElo "2105"]
[BlackElo "2198"]
[PlyCount "59"]
[EventDate "2001.09.15"]
[EventType "swiss"]
[EventRounds "9"]
[EventCountry "AUT"]
[SourceTitle "EXT 2002"]
[Source "ChessBase"]
[SourceDate "2001.11.25"]
[SourceVersion "1"]
[SourceVersionDate "2001.11.25"]
[SourceQuality "1"]

1. e4 d5 2. exd5 Qxd5 3. Nc3 Qa5 4. d4 c6 5. Bc4 Nf6 6. Bd2 Bf5 7. Nf3 e6 8. Ne4 Qd8 9. Ng3 Bg6 10. h4 h6 11. Ne5 Bh7 12. Qe2 Nd5 13. 0-0-0 Be7 14. Qg4 Bf6 15. Rde1 Bxe5 16. Rxe5 Nd7 17. Qxg7 Qf6 18. Qxf6 N5xf6 19. Re2 Nb6 20. Bb3 0-0-0 21. Bxh6 Ne8 22. Bd2 Rg8 23. c3 a5 24. Bc2 Bxc2 25. Kxc2 Nc4 26. Bc1 Rd5 27. h5 Nf6 28. h6 Nh7 29. Nh5 Rxg2 30. Nf4 1-0

[Event "Seefeld op 12th"]
[Site "Seefeld"]
[Date "2001.09.19"]
[Round "5"]
[White "Niedermayr, Horst"]
[Black "Verhoef, Helge"]
[Result "1/2-1/2"]
[WhiteElo "2198"]
[BlackElo "1916"]
[PlyCount "42"]
[EventDate "2001.09.15"]
[EventType "swiss"]
[EventRounds "9"]
[EventCountry "AUT"]
[SourceTitle "EXT 2002"]
[Source "ChessBase"]
[SourceDate "2001.11.25"]
[SourceVersion "1"]
[SourceVersionDate "2001.11.25"]
[SourceQuality "1"]

1. e4 Nf6 2. e5 Nd5 3. d4 d6 4. f4 dxe5 5. fxe5 Bf5 6. Nf3 e6 7. Bd3 Bg4 8. 0-0 Be7 9. a3 c5 10. c3 0-0 11. Qc2 h6 12. c4 Nb6 13. dxc5 Bxc5+ 14. Kh1 Bxf3 15. gxf3 Nc6 16. Qe2 Qh4 17. Nc3 Rad8 18. f4 Nd4 19. Qe4 Nf5 20. Qf3 Nd4 21. Qe4 Nf5 1/2-1/2

[Event "Seefeld op 12th"]
[Site "Seefeld"]
[Date "2001.09.18"]
[Round "4"]
[White "Niedermayr, Horst"]
[Black "Erhard, Jakob"]
[Result "1/2-1/2"]
[WhiteElo "2198"]
[BlackElo "2104"]
[PlyCount "57"]
[EventDate "2001.09.15"]
[EventType "swiss"]
[EventRounds "9"]
[EventCountry "AUT"]
[SourceTitle "EXT 2002"]
[Source "ChessBase"]
[SourceDate "2001.11.25"]
[SourceVersion "1"]
[SourceVersionDate "2001.11.25"]
[SourceQuality "1"]

1. e4 c5 2. Nf3 a6 3. d4 cxd4 4. Nxd4 Nf6 5. Nc3 d6 6. Be2 e6 7. Be3 Be7 8. a4 b6 9. f4 Qc7 10. 0-0 Bb7 11. Bf3 Nbd7 12. Nb3 Rc8 13. Qd3 0-0 14. g4 Rfd8 15. g5 Nc5 16. Nxc5 dxc5 17. Qe2 Nd7 18. Bg2 c4 19. Rf2 Bb4 20. Raf1 Re8 21. Kh1 Nb8 22. Nd1 Rcd8 23. c3 Bd6 24. Bd4 b5 25. axb5 axb5 26. e5 Bc5 27. Bxc5 Bxg2+ 28. Rxg2 Qxc5 29. Ne3 1/2-1/2

[Event "Seefeld op 12th"]
[Site "Seefeld"]
[Date "2001.09.17"]
[Round "3"]
[White "Horvath, Peter"]
[Black "Niedermayr, Horst"]
[Result "1-0"]
[WhiteElo "2441"]
[BlackElo "2198"]
[PlyCount "63"]
[EventDate "2001.09.15"]
[EventType "swiss"]
[EventRounds "9"]
[EventCountry "AUT"]
[SourceTitle "EXT 2002"]
[Source "ChessBase"]
[SourceDate "2001.11.25"]
[SourceVersion "1"]
[SourceVersionDate "2001.11.25"]
[SourceQuality "1"]

1. d4 d6 2. Nf3 f5 3. c4 Nf6 4. g3 g6 5. Bg2 Bg7 6. 0-0 0-0 7. d5 c6 8. Nc3 Bd7 9. Rb1 Na6 10. b4 Nc7 11. dxc6 Bxc6 12. Qb3 Kh8 13. Bb2 a6 14. a4 Rb8 15. Rfd1 Qe8 16. b5 Be4 17. Nxe4 Nxe4 18. Bxg7+ Kxg7 19. Nd2 Nxd2 20. Qc3+ Rf6 21. Rxd2 axb5 22. cxb5 Ne6 23. a5 Nc5 24. Qa1 Qd7 25. Ra2 d5 26. Qe5 Rd8 27. Rc1 Qe6 28. Qxe6 Nxe6 29. a6 bxa6 30. bxa6 Rff8 31. a7 Ng5 32. Rca1 1-0

[Event "AUT-chT 0001"]
[Site "Austria"]
[Date "2001.01.19"]
[Round "6.3"]
[White "Niedermayr, Horst"]
[Black "Frosch, Erich"]
[Result "1/2-1/2"]
[WhiteElo "2227"]
[BlackElo "2313"]
[PlyCount "40"]
[EventDate "2000.10.21"]
[EventType "team-tourn"]
[EventRounds "11"]
[EventCountry "AUT"]
[SourceTitle "EXT 2001"]
[Source "ChessBase"]
[SourceDate "2000.11.22"]
[SourceVersion "1"]
[SourceVersionDate "2000.11.22"]
[SourceQuality "1"]
[WhiteTeam "Linz SK Voest"]
[BlackTeam "Gleisdorf"]
[WhiteTeamCountry "AUT"]
[BlackTeamCountry "AUT"]

1. e4 e5 2. Nc3 Nc6 3. g3 Nf6 4. Bg2 Bc5 5. Nge2 0-0 6. 0-0 d6 7. h3 Be6 8. d3 d5 9. exd5 Nxd5 10. Kh2 Nxc3 11. Nxc3 Qd7 12. f4 Rad8 13. fxe5 Nxe5 14. Qh5 f6 15. Ne4 Bb6 16. Bd2 Qe8 17. Qe2 Nc6 18. Rae1 Nd4 19. Qd1 Qa4 20. Nc3 Qd7 1/2-1/2

[Event "AUT-chT 0001"]
[Site "Austria"]
[Date "2000.11.19"]
[Round "5.5"]
[White "Weinzettl, Ernst"]
[Black "Niedermayr, Horst"]
[Result "1-0"]
[WhiteElo "2409"]
[BlackElo "2227"]
[PlyCount "87"]
[EventDate "2000.10.21"]
[EventType "team-tourn"]
[EventRounds "11"]
[EventCountry "AUT"]
[SourceTitle "EXT 2001"]
[Source "ChessBase"]
[SourceDate "2000.11.22"]
[SourceVersion "1"]
[SourceVersionDate "2000.11.22"]
[SourceQuality "1"]
[WhiteTeam "Hietzing/Fischer SK"]
[BlackTeam "Linz SK Voest"]
[WhiteTeamCountry "AUT"]
[BlackTeamCountry "AUT"]

1. e4 c5 2. Nf3 d6 3. Nc3 Nc6 4. Bb5 Bd7 5. Bxc6 Bxc6 6. d4 cxd4 7. Qxd4 e5 8. Qd3 Be7 9. 0-0 Nf6 10. Bg5 0-0 11. Rad1 Ne8 12. Be3 Nc7 13. a4 Ne6 14. b4 b6 15. Nd2 Qc8 16. Nb5 Qb7 17. c4 Rfd8 18. Nc3 a5 19. b5 Be8 20. Nd5 Nc5 21. Bxc5 dxc5 22. Qg3 f6 23. Nb1 Bg6 24. Nbc3 Rab8 25. Rd2 Rd6 26. Rfd1 Rbd8 27. Rd3 Bf8 28. Qg4 Kh8 29. R1d2 Qd7 30. Qd1 Qb7 31. h4 h6 32. Nf4 exf4 33. Rxd6 Bxd6 34. Rxd6 Re8 35. f3 Qc7 36. Qd3 Rb8 37. Rc6 Qe5 38. Qd6 Bf7 39. Qxe5 fxe5 40. Nd5 Bxd5 41. exd5 Kg8 42. Kf1 Rb7 43. Ke2 Kf7 44. Kd3 1-0

[Event "AUT-chT 0001"]
[Site "Austria"]
[Date "2000.10.22"]
[Round "2.1"]
[White "Niedermayr, Horst"]
[Black "Enigl, Karl"]
[Result "1-0"]
[WhiteElo "2227"]
[BlackElo "2205"]
[PlyCount "123"]
[EventDate "2000.10.21"]
[EventType "team-tourn"]
[EventRounds "11"]
[EventCountry "AUT"]
[SourceTitle "EXT 2001"]
[Source "ChessBase"]
[SourceDate "2000.11.22"]
[SourceVersion "1"]
[SourceVersionDate "2000.11.22"]
[SourceQuality "1"]
[WhiteTeam "Linz SK Voest"]
[BlackTeam "Salzburg Mozart"]
[WhiteTeamCountry "AUT"]
[BlackTeamCountry "AUT"]

1. e4 c6 2. d4 d5 3. exd5 cxd5 4. Bd3 Nc6 5. c3 Qc7 6. h3 e6 7. Nf3 Bd6 8. 0-0 Nge7 9. Re1 Bd7 10. a4 Ng6 11. Na3 a6 12. Nc2 Nf4 13. Bxf4 Bxf4 14. Ne3 0-0 15. Qc2 h6 16. Ng4 Rfe8 17. Nge5 Bxe5 18. Nxe5 Nxe5 19. Rxe5 b5 20. a5 b4 21. c4 dxc4 22. Qxc4 Qxc4 23. Bxc4 Kf8 24. b3 Red8 25. d5 f6 26. Ree1 e5 27. Rad1 Bb5 28. Re4 Ke7 29. f4 Kd6 30. fxe5+ fxe5 31. Rde1 Re8 32. h4 Rac8 33. Bxb5 axb5 34. Rxb4 Kc5 35. Rg4 Kxd5 36. Rxg7 Rg8 37. Re7 Rc2 38. R1xe5+ Kd4 39. Re2 Rxe2 40. Rxe2 Kc3 41. Re3+ Kb4 42. Kf2 Kxa5 43. Kf3 Kb4 44. g4 Kc5 45. Re4 Kd5 46. Rf4 Kc5 47. Ke3 Re8+ 48. Re4 Ra8 49. Kf4 Ra3 50. b4+ Kd5 51. g5 hxg5+ 52. hxg5 Ra1 53. Kf5 Ra8 54. Rh4 Rf8+ 55. Kg6 Ke5 56. Kg7 Rb8 57. g6 Kf5 58. Rh5+ Ke6 59. Kh7 Rb7+ 60. g7 Kf6 61. Rh6+ Kg5 62. Rc6 1-0

[Event "AUT-chT 0001"]
[Site "Austria"]
[Date "2000.10.21"]
[Round "1.6"]
[White "Niedermayr, Horst"]
[Black "Vokroj, Rene"]
[Result "0-1"]
[WhiteElo "2227"]
[BlackElo "2326"]
[PlyCount "128"]
[EventDate "2000.10.21"]
[EventType "team-tourn"]
[EventRounds "11"]
[EventCountry "AUT"]
[SourceTitle "EXT 2001"]
[Source "ChessBase"]
[SourceDate "2000.11.22"]
[SourceVersion "1"]
[SourceVersionDate "2000.11.22"]
[SourceQuality "1"]
[WhiteTeam "Linz SK Voest"]
[BlackTeam "Ottakring"]
[WhiteTeamCountry "AUT"]
[BlackTeamCountry "AUT"]

1. e4 c5 2. Nf3 Nc6 3. Bb5 g6 4. 0-0 Bg7 5. c3 e5 6. Re1 Nge7 7. d3 a6 8. Bc4 b5 9. Bd5 0-0 10. Bg5 h6 11. Bxe7 Qxe7 12. Nbd2 Rb8 13. a4 Qd6 14. axb5 axb5 15. Nf1 Kh8 16. Qe2 Ne7 17. Bb3 Bb7 18. Ng3 Qc7 19. h4 Rbe8 20. h5 g5 21. Nd2 f5 22. c4 f4 23. Ngf1 b4 24. Nh2 Nc6 25. Ndf3 Bc8 26. Ba4 Ne7 27. Bb5 Ng8 28. Nd2 Rd8 29. Ra4 Nf6 30. Rea1 Qd6 31. Nb3 Rf7 32. Ba6 Bf8 33. Bxc8 Rxc8 34. Ra6 Rc6 35. Ra8 Qe6 36. Rd8 Kg7 37. Raa8 Be7 38. Rdb8 Ra6 39. Rxa6 Qxa6 40. Rb5 d6 41. Ra5 Qc8 42. Ra7 Kh7 43. Qd1 g4 44. Qa1 Nxh5 45. Nf1 Nf6 46. Ra8 Qe6 47. Qa6 Nd7 48. Qc6 Bf8 49. Qc8 h5 50. Ra6 Qg6 51. Qd8 Nf6 52. Qc8 h4 53. Nfd2 f3 54. Qf5 Qxf5 55. exf5 fxg2 56. Kxg2 Nh5 57. Ne4 Rxf5 58. Nxd6 Bxd6 59. Rxd6 Rf3 60. Nxc5 Nf4+ 61. Kf1 h3 62. Ne4 h2 63. Rd7+ Kh6 64. Rd6+ Kh5 0-1

[Event "Schwarzach op-A"]
[Site "Schwarzach"]
[Date "2000.08.24"]
[Round "6"]
[White "Niedermayr, Horst"]
[Black "Stadler, Peter"]
[Result "1/2-1/2"]
[WhiteElo "2227"]
[BlackElo "2199"]
[PlyCount "25"]
[EventDate "2000.08.19"]
[EventType "swiss"]
[EventRounds "9"]
[EventCountry "AUT"]
[SourceTitle "EXT 2001"]
[Source "ChessBase"]
[SourceDate "2000.11.22"]
[SourceVersion "1"]
[SourceVersionDate "2000.11.22"]
[SourceQuality "1"]

1. e4 c6 2. d4 g6 3. Be2 Bg7 4. h4 d5 5. e5 h5 6. Nf3 Bg4 7. Ng5 Bxe2 8. Qxe2 e6 9. Nd2 Nh6 10. c3 Nd7 11. Nf1 Qe7 12. Bd2 0-0-0 13. 0-0-0 1/2-1/2

[Event "Schwarzach op-A"]
[Site "Schwarzach"]
[Date "2000.08.23"]
[Round "5"]
[White "Hengl, Christian"]
[Black "Niedermayr, Horst"]
[Result "1-0"]
[WhiteElo "2230"]
[BlackElo "2227"]
[PlyCount "69"]
[EventDate "2000.08.19"]
[EventType "swiss"]
[EventRounds "9"]
[EventCountry "AUT"]
[SourceTitle "EXT 2001"]
[Source "ChessBase"]
[SourceDate "2000.11.22"]
[SourceVersion "1"]
[SourceVersionDate "2000.11.22"]
[SourceQuality "1"]

1. e4 d5 2. exd5 Qxd5 3. Nc3 Qa5 4. Bc4 c6 5. d3 Nf6 6. Bd2 Qc7 7. Nge2 e5 8. Ng3 Nbd7 9. Qe2 Nb6 10. Bb3 Bd6 11. Nce4 Nxe4 12. Nxe4 0-0 13. 0-0-0 Nd5 14. Nxd6 Qxd6 15. Rde1 Re8 16. f4 e4 17. dxe4 Nxf4 18. Bxf7+ Kxf7 19. Rhf1 Kg8 20. Rxf4 Be6 21. Kb1 Rad8 22. Bc1 Qe5 23. g3 h6 24. b3 Rd7 25. Qf3 Red8 26. Rf1 Kh7 27. g4 a5 28. h4 a4 29. g5 axb3 30. axb3 Ra8 31. Bb2 Rd4 32. Qh5 Kg8 33. Qf3 hxg5 34. hxg5 c5 35. g6 1-0

[Event "EU-chT Seniors 02nd"]
[Site "Dresden"]
[Date "2000.03.05"]
[Round "5.4"]
[White "Niedermayr, Horst"]
[Black "Zanger, Konrad"]
[Result "1-0"]
[WhiteElo "2208"]
[BlackElo "1715"]
[PlyCount "99"]
[EventDate "2000.03.01"]
[EventType "team-swiss"]
[EventRounds "7"]
[EventCountry "GER"]
[SourceTitle "EXT 2005"]
[Source "ChessBase"]
[SourceDate "2004.11.15"]
[SourceVersion "1"]
[SourceVersionDate "2004.11.15"]
[SourceQuality "1"]

1. e4 c5 2. Nf3 d6 3. d4 cxd4 4. Nxd4 Nc6 5. c4 g6 6. Nc3 Bg7 7. Be3 Nf6 8. Be2 0-0 9. 0-0 Bd7 10. Rc1 b6 11. h3 Rc8 12. f4 Nxd4 13. Bxd4 Bc6 14. Bf3 Nd7 15. Bxg7 Kxg7 16. Qd4+ Kg8 17. Bg4 Rb8 18. Bxd7 Qxd7 19. f5 Rbc8 20. f6 Rfe8 21. e5 dxe5 22. Qxd7 Bxd7 23. Nd5 Bc6 24. Nxe7+ Rxe7 25. fxe7 Re8 26. c5 Be4 27. cxb6 axb6 28. Rc7 f5 29. Rd1 Kf7 30. Rd8 Rxe7 31. Rxe7+ Kxe7 32. Rb8 Bb1 33. Rxb6 Bxa2 34. Rb7+ Kd6 35. Rxh7 e4 36. Kf2 Ke5 37. g3 g5 38. Rg7 Kf6 39. Ra7 Bc4 40. Ke3 Ke5 41. Ra5+ Kf6 42. b4 Bf1 43. h4 gxh4 44. gxh4 Kg6 45. Kf4 Kh5 46. Rxf5+ Kxh4 47. b5 Bd3 48. b6 e3 49. b7 Bxf5 50. b8Q 1-0

[Event "AUT-chT2M 9900"]
[Site "Austria"]
[Date "2000.02.13"]
[Round "9.6"]
[White "Gottsmann, Herbert"]
[Black "Niedermayr, Horst"]
[Result "1/2-1/2"]
[WhiteElo "2144"]
[BlackElo "2223"]
[PlyCount "28"]
[EventDate "1999.??.??"]
[EventType "team"]
[EventRounds "11"]
[EventCountry "AUT"]
[SourceTitle "EXT 2004"]
[Source "ChessBase"]
[SourceDate "2003.11.25"]
[SourceVersion "1"]
[SourceVersionDate "2003.11.25"]
[SourceQuality "1"]

1. e4 c5 2. d3 Nc6 3. g3 g6 4. Bg2 Bg7 5. f4 d6 6. Nf3 e6 7. c3 Nge7 8. 0-0 0-0 9. a4 b6 10. Na3 Rb8 11. g4 f5 12. h3 a6 13. Qb3 Qd7 14. Bd2 Na5 1/2-1/2

[Event "Jacques Lemans op 18th"]
[Site "St Veit"]
[Date "1999.??.??"]
[Round "3.19"]
[White "Niedermayr, Horst"]
[Black "Trifunovic, Dusan"]
[Result "1-0"]
[WhiteElo "2235"]
[BlackElo "2023"]
[PlyCount "101"]
[EventDate "1999.07.??"]
[EventType "swiss"]
[EventRounds "9"]
[EventCountry "AUT"]
[SourceTitle "EXT 2004"]
[Source "ChessBase"]
[SourceDate "2003.11.25"]
[SourceVersion "1"]
[SourceVersionDate "2003.11.25"]
[SourceQuality "1"]

1. e4 e5 2. Nc3 Bc5 3. Nf3 Nc6 4. Nxe5 Bxf2+ 5. Kxf2 Nxe5 6. d4 Ng6 7. Be3 d6 8. Be2 f5 9. exf5 Bxf5 10. Rf1 Qd7 11. Kg1 d5 12. Bg5 c6 13. Bd3 Bxd3 14. Qxd3 Nf6 15. Bxf6 gxf6 16. Rxf6 0-0-0 17. Raf1 Rhf8 18. Qf5 Rxf6 19. Qxd7+ Kxd7 20. Rxf6 Ke7 21. Rf3 Ke6 22. Kf2 b6 23. Ne2 c5 24. Ke3 Rd7 25. Nf4+ Nxf4 26. Rxf4 Rc7 27. c3 Re7 28. g4 h6 29. h4 Rg7 30. Kf3 Rg8 31. Rf5 cxd4 32. cxd4 b5 33. Kf4 a5 34. Re5+ Kd6 35. Rh5 Rf8+ 36. Rf5 Re8 37. Rf6+ Kd7 38. Rxh6 Re4+ 39. Kf3 Rxd4 40. Rb6 Rb4 41. b3 Kc7 42. Re6 a4 43. Re3 Kd6 44. h5 axb3 45. axb3 Rd4 46. h6 Rd1 47. g5 Rh1 48. Kg4 d4 49. Rh3 Rg1+ 50. Kf5 Rf1+ 51. Ke4 1-0

[Event "AUT-chT2M 9899"]
[Site "Austria"]
[Date "1998.11.27"]
[Round "1"]
[White "Doppelhammer, Herbert"]
[Black "Niedermayr, Horst"]
[Result "1/2-1/2"]
[WhiteElo "2130"]
[BlackElo "2225"]
[PlyCount "29"]
[EventDate "1998.11.??"]
[EventType "team-swiss"]
[EventRounds "11"]
[EventCountry "AUT"]
[SourceTitle "EXT 2000"]
[Source "ChessBase"]
[SourceDate "1999.11.16"]
[SourceVersion "1"]
[SourceVersionDate "1999.11.16"]
[SourceQuality "1"]

1. d4 c5 2. e3 Nf6 3. Nf3 g6 4. c4 Bg7 5. Nc3 0-0 6. Be2 cxd4 7. Nxd4 Nc6 8. 0-0 a6 9. b3 Qa5 10. Bb2 d6 11. Qd2 Bd7 12. Bf3 Rab8 13. Nxc6 Bxc6 14. Bxc6 bxc6 15. Rfd1 1/2-1/2

[Event "Arco op 20th"]
[Site "Arco"]
[Date "1998.??.??"]
[Round "1"]
[White "Niedermayr, Horst"]
[Black "Casagrande, Fabio"]
[Result "1-0"]
[WhiteElo "2220"]
[BlackElo "2050"]
[PlyCount "75"]
[EventDate "1998.10.??"]
[EventType "swiss"]
[EventRounds "9"]
[EventCountry "ITA"]
[SourceTitle "EXT 2000"]
[Source "ChessBase"]
[SourceDate "1999.11.16"]
[SourceVersion "1"]
[SourceVersionDate "1999.11.16"]
[SourceQuality "1"]

1. e4 e6 2. d3 d5 3. Nd2 Nf6 4. Ngf3 Be7 5. g3 c5 6. Bg2 Nc6 7. 0-0 0-0 8. Re1 dxe4 9. dxe4 e5 10. c3 Bg4 11. h3 Be6 12. Qe2 Qd7 13. Ng5 h6 14. Nxe6 Qxe6 15. Nc4 Rfd8 16. Ne3 Bf8 17. Nd5 Rac8 18. Qf3 Ne7 19. Nxf6+ Qxf6 20. Qxf6 gxf6 21. Be3 Nc6 22. Rad1 Rxd1 23. Rxd1 Rd8 24. Rd5 b6 25. g4 Kg7 26. Kf1 Rxd5 27. exd5 Na5 28. b3 Nb7 29. Ke2 Nd6 30. Kd3 a5 31. a4 Kg6 32. Be4+ Kg7 33. f3 Kg8 34. h4 Kg7 35. h5 Be7 36. b4 c4+ 37. Kc2 Nxe4 38. fxe4 1-0